Giro d'Italia Winners - Statistics

General Stats
  • This quiz has been taken 35 times
  • The average score is 39 of 107
Answer Stats
Year Country Rider % Correct
2018 GBR Chris Froome
93%
2008 | 2015 ESP Alberto Contador
89%
2024 SLO Tadej Pogačar
89%
2023 SLO Primož Roglič
85%
2025 GBR Simon Yates
85%
2013 | 2016 ITA Vincenzo Nibali
81%
2021 COL Egan Bernal
78%
2014 COL Nairo Quintana
78%
2019 ECU Richard Carapaz
78%
1968 | 1970 | 1972 | +2 others BEL Eddy Merckx
74%
2022 AUS Jai Hindley
70%
1998 ITA Marco Pantani
67%
2020 GBR Tao Geoghegan Hart
67%
2017 NED Tom Dumoulin
67%
1940 | 1947 | 1949 | +2 others ITA Fausto Coppi
59%
1992 | 1993 ESP Miguel Indurain
59%
1980 | 1982 | 1985 FRA Bernard Hinault
56%
1936 | 1937 | 1946 ITA Gino Bartali
56%
1960 | 1964 FRA Jacques Anquetil
56%
2012 CAN Ryder Hesjedal
56%
2006 | 2010 ITA Ivan Basso
48%
2011 ITA Michele Scarponi
48%
1987 IRL Stephen Roche
48%
1984 ITA Francesco Moser
44%
1967 | 1969 | 1976 ITA Felice Gimondi
41%
2004 ITA Damiano Cunego
37%
2007 ITA Danilo Di Luca
37%
2009 RUS Denis Menchov
37%
1950 SUI Hugo Koblet
37%
1989 FRA Laurent Fignon
37%
2002 | 2005 ITA Paolo Savoldelli
37%
1995 SUI Tony Rominger
37%
2001 | 2003 ITA Gilberto Simoni
33%
1979 | 1983 ITA Giuseppe Saronni
33%
1956 | 1959 LUX Charly Gaul
30%
1994 RUS Evgeni Berzin
30%
2000 ITA Stefano Garzelli
30%
1925 | 1927 | 1928 | +2 others ITA Alfredo Binda
26%
1988 USA Andrew Hampsten
26%
1919 | 1923 ITA Costante Girardengo
26%
1971 SWE Gösta Pettersson
26%
1990 ITA Gianni Bugno
22%
1978 BEL Johan De Muynck
22%
1996 RUS Pavel Tonkov
22%
1957 ITA Gastone Nencini
19%
1997 | 1999 ITA Ivan Gotti
19%
1934 ITA Learco Guerra
19%
1909 ITA Luigi Ganna
19%
1977 BEL Michel Pollentier
19%
1948 | 1951 | 1955 ITA Fiorenzo Magni
15%
1966 ITA Gianni Motta
15%
1981 ITA Giovanni Battaglin
11%
1986 ITA Roberto Visentini
11%
1958 ITA Ercole Baldini
7%
1962 | 1963 ITA Franco Balmamion
7%
1991 ITA Franco Chioccioli
7%
1965 ITA Vittorio Adorni
7%
1954 SUI Carlo Clerici
4%
1910 | 1911 ITA Carlo Galetti
4%
1920 ITA Gaetano Belloni
4%
1930 ITA Luigi Marchisio
4%
1914 ITA Alfonso Calzolari
0%
1932 ITA Antonio Pesenti
0%
1961 ITA Arnaldo Pambianco
0%
1913 ITA Carlo Oriani
0%
1975 ITA Fausto Bertoglio
0%
1931 ITA Francesco Camusso
0%
1921 | 1922 | 1926 ITA Giovanni Brunero
0%
1938 | 1939 ITA Giovanni Valetti
0%
1924 ITA Giuseppe Enrici
0%
1935 ITA Vasco Bergamaschi
0%
No matching quizzes found
Score Distribution
Percent of People with Each Score
Percentile by Number Answered
Your Score History
You have not taken this quiz